Continuación y suplemento del Prontuario de Don Severo Aguirre (Record no. 8445)

MARC details
000 -CABECERA
campo de control de longitud fija 00997nam a2200253 a 4500
001 - NÚMERO DE CONTROL
campo de control BRCA_8794
005 - FECHA Y HORA DE LA ÚLTIMA TRANSACCIÓN
campo de control 20190320210420.0
008 - DATOS DE LONGITUD FIJA--INFORMACIÓN GENERAL
campo de control de longitud fija 190417s1804----sp-#######---#000-0#spa-#
041 ## - CÓDIGO DE LENGUA
Código de lengua del texto/banda sonora o título independiente spa
044 ## - CÓDIGO DEL PAÍS DE LA ENTIDAD EDITORA/PRODUCTORA
Código MARC del país sp
084 ## - OTRO NÚMERO DE CLASIFICACIÓN
Número de clasificación BE174
Número de documento/Ítem .G37 1804
100 1# - ENTRADA PRINCIPAL--NOMBRE DE PERSONA
Nombre de persona Garriga, José
9 (RLIN) 21925
245 10 - MENCIÓN DE TÍTULO
Título Continuación y suplemento del Prontuario de Don Severo Aguirre
Resto del título que comprehende las cédulas, resoluciones, &c. expedidas del año 1803, y algunas de los anteriores
Mención de responsabilidad, etc. por Don Josef Garriga
260 ## - PUBLICACIÓN, DISTRIBUCIÓN, ETC.
Lugar de publicación, distribución, etc. Madrid
Nombre del editor, distribuidor, etc. En la Imprenta de Don Ramón Ruiz
Fecha de publicación, distribución, etc. 1804
300 ## - DESCRIPCIÓN FÍSICA
Extensión XVI, 287 p.
Dimensiones 21 x 15.5 cm.
500 ## - NOTA GENERAL
Nota general Con privilegio
500 ## - NOTA GENERAL
Nota general Estado físico: presenta encuadernación en pergamino
500 ## - NOTA GENERAL
Nota general En portada: Se hallará en la Librería de Don Valentín Francés, Frente de los gradas de San Felipe
650 14 - PUNTO DE ACCESO ADICIONAL DE MATERIA--TÉRMINO DE MATERIA
Término de materia o nombre geográfico como elemento de entrada Derecho civil
Subdivisión cronológica Obras anteriores a 1900
Subdivisión geográfica España
9 (RLIN) 21926
700 1# - PUNTO DE ACCESO ADICIONAL--NOMBRE DE PERSONA
Nombre de persona Aguirre, Severo
9 (RLIN) 21927
700 1# - PUNTO DE ACCESO ADICIONAL--NOMBRE DE PERSONA
Nombre de persona Ruiz, Ramón
Término indicativo de función/relación Impresor
9 (RLIN) 21928
902 ## - CATALOGADOR
Iniciales CFM
942 ## - ELEMENTOS DE PUNTO DE ACCESO ADICIONAL (KOHA)
Fuente del sistema de clasificación o colocación Library of Congress Classification
Tipo de ítem Koha Libros
Holdings
Estado de retiro Estado de pérdida Estado dañado No para préstamo Localización permanente Ubicación/localización actual Fecha de adquisición Total de préstamos Signatura topográfica completa Código de barras Fecha visto por última vez Precio válido a partir de Tipo de ítem Koha
El ejemplar forma parte de la colección y puede ser consultado según las políticas vigentes.       Biblioteca del Museo Franz Mayer (Rogerio Casas-Alatriste) Biblioteca del Museo Franz Mayer (Rogerio Casas-Alatriste) 19/04/2017   BE174 .G37 1804 CFM00121 22/03/2019 22/03/2019 Libros